[Event "GRE-chT 42nd"]
[Site "Porto Rio"]
[Date "2014.06.29"]
[Round "2.6"]
[White "Sfetsou, Christina"]
[Black "Malandri, Maria"]
[Result "0-1"]
[WhiteElo "1303"]
[BlackElo "1274"]
[PlyCount "70"]
[EventDate "2014.06.28"]
[EventType "team-swiss"]
[EventRounds "7"]
[EventCountry "GRE"]
[SourceTitle "CBM 161 Extra"]
[Source "ChessBase"]
[SourceDate "2014.08.29"]
[SourceVersion "1"]
[SourceVersionDate "2014.08.29"]
[SourceQuality "1"]
[WhiteTeam "Patron CN"]
[BlackTeam "Thessaloniki Interior"]
[WhiteTeamCountry "GRE"]
[BlackTeamCountry "GRE"]

1. e4 e5 2. Nf3 Nc6 3. Bb5 a6 4. Ba4 Nf6 5. d3 Bc5 6. c3 d6 7. h3 0-0 8. 0-0 b5 9. Bc2 Bb7 10. b4 Bb6 11. Qe2 Re8 12. Be3 Na7 13. Bxb6 cxb6 14. Bb3 Rc8 15. Rc1 Nc6 16. Nbd2 d5 17. exd5 Nxd5 18. Bxd5 Qxd5 19. Qe4 Qd6 20. Rd1 Rc7 21. Rac1 Nd4 22. Qe3 Nf5 23. Ne4 Bxe4 24. Qxe4 Qe6 25. Re1 f6 26. d4 Nd6 27. Qe2 Nf7 28. Nh4 Rce7 29. Qe4 Nh6 30. Re3 f5 31. d5 Qf6 32. Qd3 Qxh4 33. d6 Rd7 34. Qd5+ Nf7 35. Rce1 Rxd6 0-1